| 000 | 00335nam a2200133Ia 4500 | ||
|---|---|---|---|
| 008 | 190328s9999||||xx |||||||||||||| ||und|| | ||
| 082 |
_a342.085 _bSIN/H |
||
| 100 | _aSingh, DEVINDER | ||
| 245 | 0 | _aHuman Rights Woman and Law | |
| 260 |
_aFaridabad _bAllahabad Law Agency _c2012 |
||
| 300 | _a312 | ||
| 650 | _aHuman Rights | ||
| 942 | _cBK | ||
| 999 |
_c4230 _d4230 |
||